Dictionary for scientific and technical terms, english-urdu (Record no. 573175)

000 -LEADER
fixed length control field 00499nam a22001697a 4500
003 - CONTROL NUMBER IDENTIFIER
control field CEME
005 - DATE AND TIME OF LATEST TRANSACTION
control field 20210628203331.0
008 - FIXED-LENGTH DATA ELEMENTS--GENERAL INFORMATION
fixed length control field 210304b xxu||||| |||| 00| 0 eng d
040 ## - CATALOGING SOURCE
Transcribing agency .
082 ## - DEWEY DECIMAL CLASSIFICATION NUMBER
Classification number 503 SCI
100 ## - MAIN ENTRY--PERSONAL NAME
Personal name Makeen Ahsan Kalim, Urdu Science Board
9 (RLIN) 64778
245 ## - TITLE STATEMENT
Title Dictionary for scientific and technical terms, english-urdu
260 ## - PUBLICATION, DISTRIBUTION, ETC.
Place of publication, distribution, etc. LAHORE
Name of publisher, distributor, etc. URDU SCIENCE BOARD
Date of publication, distribution, etc. 1999
300 ## - PHYSICAL DESCRIPTION
Extent 620P
650 ## - SUBJECT ADDED ENTRY--TOPICAL TERM
Topical term or geographic name entry element DICTIONARY FOR SCIENTIFIC AND TECHNICAL TERMS
9 (RLIN) 64779
942 ## - ADDED ENTRY ELEMENTS (KOHA)
Koha item type Book
Source of classification or shelving scheme
Holdings
Withdrawn status Lost status Source of classification or shelving scheme Damaged status Not for loan Permanent Location Current Location Shelving location Date acquired Shelving control number Full call number Barcode Date last seen Price effective from Koha item type Public note
        Not For Loan College of Electrical & Mechanical Engineering (CEME) College of Electrical & Mechanical Engineering (CEME) Reference 07/27/2017 Book Cart 503 SCI CEME-36893 06/28/2021 06/28/2021 Book 1.8
© 2023 Central Library, National University of Sciences and Technology. All Rights Reserved.